[Event "4NCL 2019-20"]
[Site "Daventry"]
[Date "2020.03.01"]
[Round "2"]
[White "Macklin, Paul"]
[Black "Hill, Alistair"]
[Result "1/2-1/2"]
[WhiteElo "2341"]
[BlackElo "2217"]
[Annotator "ChessBase"]
[PlyCount "27"]
[EventDate "2020.01.11"]
[EventCountry "ENG"]
[SourceTitle "playchess.com"]
[Source "ChessBase"]
[SourceQuality "1"]
[TimeControl "40/6000:3000+30"]

1. e4 {[%emt 0:03:53]} c5 {[%emt 0:00:00]} 2. Nf3 {[%emt 0:00:37]} Nc6 {[%emt 0:00:00]} 3. c3 {[%emt 0:00:00]} Nf6 {[%emt 0:00:00]} 4. e5 {[%emt 0:00:00]} Nd5 {[%emt 0:00:00]} 5. d4 {[%emt 0:00:00]} cxd4 {[%emt 0:00:00]} 6. cxd4 {[%emt 0:00:00]} d6 {[%emt 0:00:00]} 7. Bc4 {[%emt 0:00:00]} dxe5 {[%emt 0:00:00]} 8. dxe5 {[%emt 0:13:22]} Ndb4 {[%emt 0:00:00]} 9. Qe2 {[%emt 0:11:34]} Bf5 {[%emt 0:09:17]} 10. O-O {[%emt 0:08:19]} Bd3 {[%emt 0:16:11]} 11. Bxd3 {[%emt 0:01:15]} Qxd3 {[%emt 0:00:00]} 12. Qxd3 {[%emt 0:09:53]} Nxd3 {[%emt 0:00:00]} 13. e6 {[%emt 0:00:00]} fxe6 {[%emt 0:17:16]} 14. Ng5 {[%emt 0:08:29]} 1/2-1/2

[Event "4NCL 2019-20"]
[Site "Daventry"]
[Date "2020.03.01"]
[Round "2"]
[White "York-Weaving, Richard"]
[Black "Astaneh Lopez, Alex"]
[Result "1-0"]
[WhiteElo "2339"]
[BlackElo "2441"]
[Annotator "TA"]
[PlyCount "61"]
[EventDate "2020.01.11"]
[EventCountry "ENG"]
[SourceTitle "playchess.com"]
[Source "ChessBase"]
[SourceQuality "1"]

{[%evp 14,61,0,0,9,6,15,7,31,27,54,27,34,44,61,45,51,23,45,41,46,45,86,71,73,46,67,53,209,186,212,213,234,235,225,225,1192,1170,2478,1831,1566,1228,1958,1885,1454,978,29984,29984,29990,29987]} 1. e4 e5 2. Nf3 Nc6 3. Bb5 Nf6 4. Qe2 Bd6 5. c3 O-O 6. O-O Re8 7. d3 a6 8. Ba4 b5 {C77: Ruy Lopez: 3...a6 4 Ba4 Nf6, unusual lines.} 9. Bc2 Bf8 10. a4 {Black must now prevent axb5.} Bb7 {The position is equal.} 11. Bg5 h6 12. Bh4 g5 13. Bg3 Nh5 14. Nbd2 {[%cal Bb1d2,Bd2f1,Bf1e3][%mdl 32]} Bg7 15. Rfe1 d6 16. Nf1 Rb8 17. Ne3 Ne7 18. axb5 axb5 19. d4 Nf4 20. Qf1 (20. Qd2 {looks sharper.} Nh5 21. b4 Ra8 22. Rxa8 Qxa8 23. dxe5 Nxg3 24. hxg3 dxe5 25. Qd7) 20... f5 $2 ({Black should play} 20... exd4 $14 21. Nxd4 b4) 21. exf5 $18 ({Less strong is} 21. Nxf5 Nxf5 22. exf5 Bxf3 $14) 21... Bxf3 22. gxf3 {Strongly threatening f6!} exd4 23. Bxf4 $1 dxe3 24. Bxe3 Kh8 $2 {[#]} (24... Nc6 25. f4 gxf4) 25. f6 $1 {[%mdl 512] aiming for Qd3.} Bxf6 26. Qd3 {[%csl Gc2][%cal Rd3h7]} Kg7 27. Qh7+ Kf8 28. Bb3 {[%csl Gb3][%cal Rh7f7]} d5 29. Bc5 {[#] And now Re6 would win.} Qd7 30. Bc2 Qc6 31. Bg6 {Black did not feel at home in the position after the opening. Accuracy: White = 87%, Black = 54%.} 1-0

[Event "4NCL 2019-20"]
[Site "Daventry"]
[Date "2020.03.01"]
[Round "2"]
[White "Wall, Gavin"]
[Black "Kilpatrick, Callum"]
[Result "1/2-1/2"]
[WhiteElo "2324"]
[BlackElo "2363"]
[Annotator "TA"]
[PlyCount "93"]
[EventDate "2020.01.11"]
[EventCountry "ENG"]
[SourceTitle "playchess.com"]
[Source "ChessBase"]
[SourceQuality "1"]

{[%evp 16,93,26,17,36,43,44,37,75,76,80,68,67,83,77,30,85,34,56,40,38,40,53,47,83,51,39,0,0,0,0,-6,-12,-12,0,0,85,-16,-14,-8,20,0,0,0,0,-411,-426,-429,-417,-390,-114,-108,-8,-8,-8,-8,-8,-8,-8,-16,0,0,0,-16,0,0,0,0,0,0,0,0,0,0,0,0,0,0,0,0]} 1. Nf3 Nf6 2. g3 g6 3. Bg2 Bg7 4. O-O O-O 5. c4 d6 6. Nc3 e5 7. d4 Nbd7 8. b3 Re8 9. Qc2 a6 {E67: King's Indian: Fianchetto: 6...Nbd7.} 10. dxe5 Nxe5 11. Nxe5 Rxe5 {White is slightly better.} 12. Bf4 {[#]} Rh5 $146 ({Predecessor:} 12... Re8 13. Rac1 Rb8 14. Rfd1 b6 15. b4 Nd7 16. Nd5 Bb7 17. Qd2 Bxd5 18. cxd5 Ne5 {1-0 (43) Perez Garcia,A (2352)-Valhondo Morales,R (2211) Marbella 2018}) 13. Rad1 Bh3 14. Bxh3 Rxh3 15. c5 {[%cal Rc5d6]} Qc8 (15... Rh5 $1 $11) 16. cxd6 ({Better is} 16. Nd5 $16 Nxd5 17. Rxd5) 16... cxd6 $14 17. Qd3 Rh5 $1 18. f3 Qh3 {[%csl Gh5][%cal Rh3h2]} 19. g4 Ra5 20. a4 ({Of course not} 20. Bxd6 $6 h5 $11) 20... Rc5 $1 {[%cal Rc5c3]} 21. Bxd6 Nxg4 22. Ne4 Ne5 $1 {[%cal Re5d3]} 23. Bxe5 Rxe5 24. Qd7 Qh4 25. Qxb7 Rae8 (25... Ree8 $11) 26. Rd7 (26. Qxa6 $16 Rb8 27. Qc6) 26... Rh5 $11 {[%csl Gh5][%cal Rh4h2]} 27. Rf2 Qf4 28. Qb6 Be5 {[%cal Rh5h2]} 29. e3 Qh4 {Hoping for ...f5.} 30. f4 $2 {[%mdl 8192]} (30. Qxa6 $11 Bxh2+ 31. Kf1) 30... Qg4+ $19 {[%mdl 64] Double Attack} 31. Ng3 {aiming for Rd8.} Qxd7 32. Nxh5 {[#]} Qd1+ $2 ({Not} 32... gxh5 33. fxe5 Qd1+ 34. Kg2 $11) (32... Re6 $1 $19 {[%cal Re6b6]} 33. Qc5 gxh5 34. Rg2+ Bg7) 33. Kg2 gxh5 (33... Qxh5 $17 34. fxe5 Qg4+ {[%mdl 64] Zwischenzug} 35. Kh1 Qe4+ 36. Kg1 Rxe5 37. Qd8+ Re8) 34. fxe5 $17 {[%mdl 4096] Endgame KQR-KQR. The position is equal.} Re6 35. Qd4 $132 {[%mdl 2048] White is not keeping still} Rg6+ 36. Kh3 Qxb3 37. Rf6 Rg4 38. Rf4 ({Reject} 38. Qd8+ Kg7 $17) 38... Rg6 {...Qe6+ is the strong threat.} 39. Rf6 Qc2 40. Qd8+ Kg7 {[#]} 41. Rxf7+ $3 {[%mdl 512]} Kxf7 42. Qd7+ $1 Kf8 43. Qd8+ Kg7 44. Qe7+ Kg8 45. Qe8+ Kg7 46. Qe7+ Kg8 {( -> ...Qg2+)} 47. Qe8+ {Accuracy: White = 73%, Black = 66%.} 1/2-1/2

[Event "4NCL 2019-20"]
[Site "Daventry"]
[Date "2020.03.01"]
[Round "2"]
[White "Dorrington, Chris J"]
[Black "Lupulescu, Constantin"]
[Result "0-1"]
[WhiteElo "2317"]
[BlackElo "2649"]
[Annotator "TA"]
[PlyCount "76"]
[EventDate "2020.01.11"]
[EventCountry "ENG"]
[SourceTitle "playchess.com"]
[Source "ChessBase"]
[SourceQuality "1"]

{[%evp 23,76,16,25,0,0,0,0,11,6,-36,-34,-33,-20,-20,-18,-49,-49,-50,-50,-49,-47,-93,-75,-90,-94,-89,-76,-72,-75,-79,-80,-403,-397,-395,-391,-407,-234,-362,-242,-242,-242,-408,-403,-499,-484,-825,-819,-819,-807,-802,-421,-413,-401,-378,-370]} 1. Nf3 d5 2. d4 Nf6 3. c4 e6 4. Nc3 Nbd7 5. Bg5 c6 6. e3 Qa5 7. Nd2 dxc4 8. Bxf6 Nxf6 9. Nxc4 Qc7 10. Be2 Be7 11. O-O O-O 12. Rc1 Rd8 13. Qb3 {D52: Queen's Gambit Declined: Cambridge Springs Variation.} Bd7 14. Bf3 Be8 15. Rfd1 {The position is equal.} Rac8 {[#]} 16. Ne4 $146 ({Predecessor:} 16. h3 Qb8 17. Na5 b6 18. Nc4 b5 19. Nd2 c5 20. dxc5 Rxc5 21. Nde4 Nxe4 22. Nxe4 Rxc1 23. Rxc1 {½-½ (28) Dimitrov,R (2448)-Delchev,A (2585) Plovdiv 2017}) 16... Nxe4 17. Bxe4 b6 18. Qc2 g6 19. a3 c5 20. dxc5 Rxd1+ 21. Qxd1 Qxc5 22. Bb7 Rc7 23. Bf3 a5 24. a4 Qb4 $36 {[%mdl 2048] Black is on the roll.} 25. b3 b5 26. axb5 Bxb5 {Strongly threatening ...a4.} 27. Nd2 $2 {[%mdl 8192] [#]} (27. Rb1 $17 {was the crucial defense.}) 27... Rd7 $1 $19 {[%cal Rd7d2]} 28. Rc2 {[#]} a4 $1 29. Qc1 a3 (29... axb3 $142 30. Rb2 Rd3) 30. h3 (30. g4 $142) 30... Bd3 31. Ra2 Ra7 32. Bd1 $2 (32. Qd1 {is a better defense.}) 32... Bf6 33. Bc2 Rc7 {Threatens to win with ...Bb2.} 34. Qd1 (34. Nc4 $142 Bxc4 35. bxc4) 34... Rxc2 35. Rxc2 Bxc2 36. Qxc2 Qc3 37. Qa2 Qb2 38. Qxb2 Bxb2 {Black took control after the opening. Accuracy: White = 44%, Black = 75%.} 0-1

[Event "4NCL 2019-20"]
[Site "Daventry"]
[Date "2020.03.01"]
[Round "2"]
[White "O'Donnell, Conor"]
[Black "Lauterbach, Ingrid"]
[Result "1-0"]
[WhiteElo "2307"]
[BlackElo "2051"]
[Annotator "ChessBase"]
[PlyCount "86"]
[EventDate "2020.01.11"]
[EventCountry "ENG"]
[SourceTitle "playchess.com"]
[Source "ChessBase"]
[SourceQuality "1"]
[TimeControl "40/6000:3000+30"]

1. d4 {[%emt 0:03:21]} f5 {[%emt 0:00:00]} 2. g3 {[%emt 0:00:28]} g6 {[%emt 0:00:00]} 3. Bg2 {[%emt 0:00:08]} Nf6 {[%emt 0:00:00]} 4. Nf3 {[%emt 0:00:37]} Bg7 {[%emt 0:00:00]} 5. O-O {[%emt 0:00:00]} O-O {[%emt 0:00:00]} 6. c4 {[%emt 0:00:42]} d6 {[%emt 0:00:00]} 7. b3 {[%emt 0:01:07]} Ne4 {[%emt 0:04:43]} 8. Bb2 {[%emt 0:02:27]} c5 {[%emt 0:02:28]} 9. Qc2 {[%emt 0:09:18]} Nc6 {[%emt 0:03:04]} 10. Rd1 {[%emt 0:06:00]} cxd4 {[%emt 0:10:08]} 11. Nxd4 {[%emt 0:01:07]} Qb6 {[%emt 0:09:07]} 12. e3 {[%emt 0:01:19]} Bd7 {[%emt 0:04:57]} 13. Nd2 {[%emt 0:25:58]} Nxd4 {[%emt 0:06:17]} 14. Bxd4 {[%emt 0:00:12]} Bxd4 {[%emt 0:00:00]} 15. exd4 {[%emt 0:00:05]} Nf6 {[%emt 0:01:41]} 16. c5 {[%emt 0:02:16]} dxc5 {[%emt 0:02:06]} 17. dxc5 {[%emt 0:02:32]} Qc7 {[%emt 0:00:00]} 18. b4 {[%emt 0:03:05]} f4 {[%emt 0:03:25]} 19. Qc4+ {[%emt 0:03:23]} Kg7 {[%emt 0:00:00]} 20. Qxf4 {[%emt 0:01:22]} Qxf4 {[%emt 0:02:10]} 21. gxf4 {[%emt 0:00:00]} Bc6 {[%emt 0:00:01]} 22. Bxc6 {[%emt 0:00:00]} bxc6 {[%emt 0:00:00]} 23. Nb3 {[%emt 0:06:48]} Nd5 {[%emt 0:01:16]} 24. Nd4 {[%emt 0:00:16]} Rf6 {[%emt 0:02:17]} 25. Nxc6 {[%emt 0:06:27]} Nxf4 {[%emt 0:01:53]} 26. Nxe7 {[%emt 0:01:55]} Nh3+ {[%emt 0:00:00]} 27. Kg2 {[%emt 0:00:07]} Nxf2 {[%emt 0:02:29]} 28. Rd7 {[%emt 0:01:43]} Ne4 {[%emt 0:01:19]} 29. Nd5+ {[%emt 0:03:45]} Rf7 {[%emt 0:00:17]} 30. Rxf7+ {[%emt 0:00:07]} Kxf7 {[%emt 0:00:00]} 31. Rf1+ {[%emt 0:00:52]} Kg7 {[%emt 0:00:13]} 32. Re1 {[%emt 0:00:16]} Rd8 {[%emt 0:03:11]} 33. Rxe4 {[%emt 0:00:02]} Rxd5 {[%emt 0:00:00]} 34. Re7+ {[%emt 0:00:02]} Kf6 {[%emt 0:00:00]} 35. Rxa7 {[%emt 0:00:00]} Rd2+ {[%emt 0:00:00]} 36. Kg3 {[%emt 0:00:16]} h5 {[%emt 0:00:04]} 37. c6 {[%emt 0:01:56]} h4+ {[%emt 0:01:45]} 38. Kf3 {[%emt 0:05:49]} Rxh2 {[%emt 0:00:00]} 39. b5 {[%emt 0:00:54]} Rc2 {[%emt 0:01:23]} 40. Rh7 {[%emt 0:01:07]} g5 {[%emt 0:00:37]} 41. b6 {[%emt 0:08:51]} Kf5 {[%emt 0:05:13]} 42. b7 {[%emt 0:02:20]} Rb2 {[%emt 0:05:58]} 43. c7 {[%emt 0:00:21]} Rb1 {[%emt 0:00:02] Ke4+} 1-0

[Event "4NCL 2019-20"]
[Site "Daventry"]
[Date "2020.03.01"]
[Round "2"]
[White "Grieve, Harry"]
[Black "Delaney, Killian"]
[Result "1/2-1/2"]
[WhiteElo "2299"]
[BlackElo "2287"]
[Annotator "ChessBase"]
[PlyCount "57"]
[EventDate "2020.01.11"]
[EventCountry "ENG"]
[SourceTitle "playchess.com"]
[Source "ChessBase"]
[SourceQuality "1"]
[TimeControl "40/6000:3000+30"]

1. e4 {[%emt 0:00:00]} c6 {[%emt 0:00:42]} 2. d4 {[%emt 0:00:00]} d5 {[%emt 0:00:00]} 3. e5 {[%emt 0:00:00]} Bf5 {[%emt 0:00:00]} 4. h4 {[%emt 0:00:00]} c5 {[%emt 0:00:00]} 5. Nc3 {[%emt 0:02:21]} cxd4 {[%emt 0:04:02]} 6. Qxd4 {[%emt 0:02:39]} Nc6 {[%emt 0:00:00]} 7. Bb5 {[%emt 0:03:05]} a6 {[%emt 0:10:06]} 8. Bxc6+ {[%emt 0:03:37]} bxc6 {[%emt 0:00:00]} 9. g4 {[%emt 0:04:15]} Bd7 {[%emt 0:02:10]} 10. h5 {[%emt 0:15:24]} e6 {[%emt 0:08:44]} 11. Na4 {[%emt 0:00:00]} c5 {[%emt 0:00:00]} 12. Nxc5 {[%emt 0:00:00]} Qa5+ {[%emt 0:00:00]} 13. b4 {[%emt 0:00:00]} Bxc5 {[%emt 0:00:00]} 14. Qxc5 {[%emt 0:00:00]} Qa4 {[%emt 0:00:00]} 15. Be3 {[%emt 0:09:20]} Rc8 {[%emt 0:06:17]} 16. Qd6 {[%emt 0:02:16]} Rc6 {[%emt 0:12:05]} 17. Qb8+ {[%emt 0:00:00]} Rc8 {[%emt 0:00:00]} 18. Qd6 {[%emt 0:00:00]} Rc6 {[%emt 0:20:47]} 19. Qb8+ {[%emt 0:00:00]} Rc8 {[%emt 0:00:00]} 20. Qb6 {[%emt 0:23:22]} Nh6 {[%emt 0:06:02]} 21. Bc5 {[%emt 0:00:49]} Qxc2 {[%emt 0:00:00]} 22. Rh3 {[%emt 0:00:00]} Qb2 {[%emt 0:03:39]} 23. Rd1 {[%emt 0:01:39]} Qxe5+ {[%emt 0:00:09]} 24. Re3 {[%emt 0:08:20]} Qb8 {[%emt 0:06:34]} 25. Qxa6 {[%emt 0:06:13]} Rxc5 {[%emt 0:06:13]} 26. bxc5 {[%emt 0:00:00]} Qb4+ {[%emt 0:00:00]} 27. Rd2 {[%emt 0:00:00]} Qb1+ {[%emt 0:00:00]} 28. Rd1 {[%emt 0:00:00]} Qb4+ {[%emt 0:00:00]} 29. Rd2 {[%emt 0:00:00]} 1/2-1/2

[Event "4NCL 2019-20"]
[Site "Daventry"]
[Date "2020.03.01"]
[Round "2"]
[White "Kanyamarala, Trisha"]
[Black "Golding, Alex"]
[Result "0-1"]
[WhiteElo "2299"]
[BlackElo "2306"]
[Annotator "TA"]
[PlyCount "139"]
[EventDate "2020.01.11"]
[EventCountry "ENG"]
[SourceTitle "playchess.com"]
[Source "ChessBase"]
[SourceQuality "1"]

{[%evp 9,139,8,13,-2,30,10,68,55,56,49,52,33,67,57,62,38,73,73,77,81,114,111,149,145,150,149,147,141,144,68,78,72,143,142,144,130,163,163,163,163,163,163,181,163,163,0,168,26,33,33,27,30,39,2,0,0,0,0,0,0,0,0,0,0,0,0,0,0,0,-4,-8,-15,-15,-15,-15,-15,-15,-15,-15,-15,-15,-15,-15,-15,-15,-105,-168,-576,-524,-348,-348,-348,-348,-348,-267,-267,-267,-545,-525,-462,-286,-827,-779,-637,-616,-29955,-29956,-29953,-29958,-29947,-29955,-29959,-29960,-29960,-29955,-6307,-6083,-29970,-29974,-29973,-29975,-29974,-29975,-29981,-29980,-29984,-29985,-29985,-29982,-29981,-29982,-29981]} 1. d4 d6 2. c4 e5 3. Nc3 exd4 4. Qxd4 Nc6 5. Qd2 g6 6. g3 {A21: English Opening: 1...e5 2 Nc3.} Bg7 7. Bg2 Be6 ({Better is} 7... a5 $11) 8. b3 $1 $14 {White is slightly better.} Nf6 9. Bb2 O-O 10. e4 Nd7 11. Nge2 Nc5 12. O-O {[#]} Qd7 $146 ({Predecessor:} 12... Ne5 13. Rad1 Bh3 14. Qc2 Bxg2 15. Kxg2 f5 16. exf5 Rxf5 17. Nd4 Rf7 18. f4 Nc6 {½-½ (45) Gregor,J (2258)-Priehoda,V (2398) Prague 2011}) 13. Nd5 f5 14. Nef4 Bxd5 15. exd5 Ne5 {[#]} 16. Ne6 $1 {[%mdl 512]} Nxe6 17. dxe6 Qe7 18. Bxb7 Rab8 19. Qd5 ({White should try} 19. Bd5 $16) 19... c5 {[#]} 20. Bc6 $1 Nxc6 (20... f4 $142) 21. Bxg7 $16 Kxg7 22. Qxc6 Rbc8 23. Qd5 f4 24. Rad1 Rcd8 25. Rfe1 Rf5 26. Qd3 Rf6 27. Qd5 Rf5 $1 {[%cal Rf5d5]} 28. Qf3 (28. Qd2 $18) 28... fxg3 $11 29. Qc3+ Qf6 30. Qxf6+ Kxf6 31. fxg3 {[%mdl 4096] Endgame aiming for e7. KRR-KRR} Ke7 $1 32. Rd2 Rf6 33. Rde2 g5 34. Re4 h5 35. h3 Rdf8 36. R4e2 Rf3 37. Kg2 R8f6 38. Rd1 {Hoping for Rxd6.} h4 39. gxh4 gxh4 40. Rd5 Rg3+ 41. Kh2 Rff3 42. Rh5 $1 {[%cal Rh5h7] Strongly threatening Rh7+.} Rxh3+ 43. Kg2 Rfg3+ 44. Kf2 Rh2+ 45. Ke1 Rxe2+ 46. Kxe2 {KR-KR} h3 47. Rh7+ (47. Rh6 $11) 47... Kxe6 $17 48. Rxa7 $2 (48. Kf2 {is a better chance.} Rg2+ 49. Kf1) 48... h2 $19 49. Rh7 Rg2+ 50. Ke3 Rxa2 51. Ke4 Kf6 52. Kf4 Rf2+ 53. Kg3 $2 (53. Ke3 Rc2 54. Kf4) 53... Rb2 54. Kf4 Rxb3 55. Rxh2 $2 (55. Rh6+ Ke7 56. Rxh2) 55... Rc3 56. Rh6+ Ke7 57. Kf5 Rxc4 58. Rh7+ Kd8 59. Ke6 Rd4 60. Ra7 c4 61. Rd7+ Kc8 62. Rh7 Kb8 63. Rf7 c3 {Black mates.} 64. Rf3 c2 65. Rc3 Rd2 66. Kf5 d5 67. Kf4 d4 68. Rc4 d3 69. Ke3 Rd1 70. Kd4 {What a bad dream for White. Accuracy: White = 69%, Black = 76%.} 0-1

[Event "4NCL 2019-20"]
[Site "Daventry"]
[Date "2020.03.01"]
[Round "2"]
[White "Ciuksyte, Dagne"]
[Black "Hajbok, Robert"]
[Result "0-1"]
[WhiteElo "2295"]
[BlackElo "2353"]
[Annotator "TA"]
[PlyCount "60"]
[EventDate "2020.01.11"]
[EventCountry "ENG"]
[SourceTitle "playchess.com"]
[Source "ChessBase"]
[SourceQuality "1"]

{[%evp 19,60,47,52,14,15,15,4,0,0,0,-1,-10,51,0,0,-65,-68,-80,-77,-58,-51,-77,-52,-193,-191,-447,-445,-536,-536,-535,-527,-506,-506,-639,-560,-909,-867,-924,-922,-911,-903,-883,-856]} 1. e4 c5 2. Nf3 d6 3. d4 cxd4 4. Nxd4 Nf6 5. Nc3 Nc6 6. Bc4 Qb6 7. Nb3 e6 8. O-O a6 9. a4 {[%cal Ba2a4,Ba4a5][%mdl 32]} Be7 10. a5 Qc7 11. f4 {B57: Classical Sicilian: Sozin with 6...Qb6.} Nb4 12. Be2 b5 13. axb6 {The position is equal.} Qxb6+ 14. Kh1 O-O {[#]} 15. Bf3 $146 ({Predecessor:} 15. Na5 d5 16. e5 Ne4 17. Nxe4 dxe4 18. c3 Nd3 19. Bxd3 Rd8 20. Bxe4 Rxd1 21. Rxd1 {1-0 (50) Mortensen,E (2440)-Radulov,I (2465) Leningrad 1984}) 15... e5 (15... Rb8 $11) 16. fxe5 ({Better is} 16. g4 $14) 16... dxe5 $11 17. Nd5 ({White should play} 17. Qe2 $11) 17... Nfxd5 $1 $15 18. exd5 {[#] d6 is the strong threat.} Bf5 $1 {[%cal Rf5c2]} 19. d6 Bxc2 20. dxe7 Bxd1 21. exf8=Q+ {Loses the game.} (21. Rxd1 $15 Rac8 22. exf8=B (22. exf8=N Kxf8 23. Bg4 Rc7 $15) 22... Kxf8 23. Bg4) 21... Rxf8 $19 22. Bxd1 $2 (22. Rxd1 Nc2 {[%mdl 64] Discovered Attack} 23. Ra5) 22... Nd3 {[#] aiming for ...Nf2+.Black is clearly winning.} 23. Bd2 Nf2+ 24. Rxf2 Qxf2 {[%cal Rf2f1]} 25. Bf3 Rb8 26. Rc1 h6 27. Be4 g5 28. Bc3 Rxb3 29. Bxe5 Kf8 30. h3 Qd2 {Accuracy: White = 33%, Black = 89%.} 0-1

[Event "4NCL 2019-20"]
[Site "Daventry"]
[Date "2020.03.01"]
[Round "2"]
[White "O'Toole, George E"]
[Black "Webb, Laurence E"]
[Result "1-0"]
[WhiteElo "2252"]
[BlackElo "2307"]
[Annotator "TA"]
[PlyCount "111"]
[EventDate "2020.01.11"]
[EventCountry "ENG"]
[SourceTitle "playchess.com"]
[Source "ChessBase"]
[SourceQuality "1"]

{[%evp 10,111,9,8,5,-1,-2,0,37,33,33,37,34,34,58,20,27,28,95,104,124,103,108,15,27,30,34,0,5,0,0,1,167,142,237,57,242,169,199,108,199,191,200,199,222,202,205,191,404,260,360,358,359,322,365,364,358,359,347,314,333,327,298,314,636,626,685,724,706,666,749,560,622,419,1809,1562,1037,945,2193,2238,2112,1934,1423,1525,1532,1407,29970,29971,29973,29972,29975,29975,29976,29976,29971,29972,29982,29983,29983,29984,29984,29985,29985,29984]} 1. c4 e5 2. g3 Nf6 3. Bg2 c6 4. Nc3 Bb4 5. e4 O-O 6. Nge2 d6 {A22: English Opening: 1...e5 2 Nc3 Nf6.} 7. a3 Bxc3 8. Nxc3 {[#]} c5 $146 {The position is equal.} (8... Bg4 $5 {[%cal Rg4d1]} 9. Qc2 c5 $11) ({Predecessor:} 8... Bg4 9. Qc2 c5 10. h3 Be6 11. d3 Nc6 12. O-O Nd4 13. Qd1 Nd7 14. Be3 f6 {½-½ (36) Maetz,E (2041)-Schoesser,M (1821) GER email 2010}) 9. d3 Nc6 10. O-O Nd4 11. b4 b6 12. h3 Nd7 13. f4 cxb4 (13... Bb7 $11) 14. axb4 $16 a5 15. Be3 Bb7 16. Bxd4 (16. bxa5 $16 bxa5 17. Bxd4 exd4 18. Nb5) 16... exd4 $11 17. Nb5 axb4 18. Nxd4 Nc5 19. Rb1 Ra3 20. Rf3 $1 Na4 $2 (20... Qf6 $11 {and Black has nothing to worry.} 21. Nc2 Ra4) 21. Rxb4 Nc3 (21... Qf6 $16 {was worth a try.} 22. Nc2 (22. Rxa4 Qxd4+ 23. Kh2 Rxa4 $14) 22... Ra2) 22. Qc2 $2 ({Don't take} 22. Qc1 $6 Qa8 $16) ({Better is} 22. Qe1 $18 Na2 23. Rb1) 22... Qc7 $2 (22... Qf6 $14 23. Ne2 Nxe2+ 24. Qxe2 Qd4+ 25. Kh2 f5) 23. Nb3 Na2 24. Qb2 (24. Rb5 $18) 24... Rfa8 (24... Raa8 $16 25. Rb5 Bc6) 25. Rb5 $18 Bc6 26. Nd4 $1 {[%cal Rd4c6]} Nc3 27. Nxc6 Qxc6 28. Rxb6 Qc5+ $2 (28... Qc7 29. Rf1 Ra2) 29. Kh2 {aiming for Rb8+.} h5 {Strongly threatening ...Ra2.} 30. Rb8+ Rxb8 31. Qxb8+ Kh7 {Hoping for ...Ra1.} 32. Qb2 {And now d4! would win.} Na4 33. d4 Nxb2 34. dxc5 Rxf3 35. Bxf3 dxc5 36. Bxh5 Nxc4 $2 (36... f5 37. Bf7 fxe4) 37. Bxf7 {[%mdl 4096] Endgame KB-KN} Nd2 38. e5 g6 39. Be8 Kg7 40. Kg2 c4 41. Kf2 c3 (41... Ne4+ $142 42. Kf3 Nc5) 42. Ba4 $1 {[%cal Ra4c2]} Ne4+ {[#]} 43. Kf3 $1 {[%cal Rf3e4]} Nc5 44. Bc2 Na6 45. Ke2 Nb4 46. Be4 Na6 47. f5 gxf5 48. Bxf5 {White mates.} Nb4 49. g4 Nc6 {[#]} 50. e6 $1 Nd4+ 51. Kd1 Kf6 52. h4 Nf3 53. h5 Nd4 54. h6 c2+ 55. Kc1 Nc6 {[#]} 56. g5+ $1 {Accuracy: White = 67%, Black = 47%.} 1-0

[Event "4NCL 2019-20"]
[Site "Daventry"]
[Date "2020.03.01"]
[Round "2"]
[White "House, Glenn L"]
[Black "Stewart, Ashley"]
[Result "1/2-1/2"]
[WhiteElo "2239"]
[BlackElo "2152"]
[Annotator "ChessBase"]
[PlyCount "86"]
[EventDate "2020.01.11"]
[EventCountry "ENG"]
[SourceTitle "playchess.com"]
[Source "ChessBase"]
[SourceQuality "1"]
[TimeControl "40/6000:3000+30"]

1. Nf3 {[%emt 0:00:00]} Nf6 {[%emt 0:00:00]} 2. g3 {[%emt 0:00:00]} g6 {[%emt 0:00:00]} 3. Bg2 {[%emt 0:00:00]} Bg7 {[%emt 0:00:00]} 4. O-O {[%emt 0:00:00]} O-O {[%emt 0:00:00]} 5. d3 {[%emt 0:00:00]} d6 {[%emt 0:00:00]} 6. e4 {[%emt 0:00:00]} c5 {[%emt 0:00:00]} 7. c3 {[%emt 0:00:00]} Nc6 {[%emt 0:00:00]} 8. Re1 {[%emt 0:00:00]} e5 {[%emt 0:00:00]} 9. a3 {[%emt 0:00:00]} Rb8 {[%emt 0:00:00]} 10. b4 {[%emt 0:00:00]} b5 {[%emt 0:00:00]} 11. Nbd2 {[%emt 0:03:11]} Qe7 {[%emt 0:00:53]} 12. Rb1 {[%emt 0:10:29]} Nd7 {[%emt 0:06:14]} 13. Nf1 {[%emt 0:03:13]} a5 {[%emt 0:04:42]} 14. Ne3 {[%emt 0:05:45]} cxb4 {[%emt 0:02:17]} 15. Nd5 {[%emt 0:00:26]} Qd8 {[%emt 0:00:39]} 16. axb4 {[%emt 0:02:18]} axb4 {[%emt 0:04:53]} 17. cxb4 {[%emt 0:00:28]} Re8 {[%emt 0:11:26]} 18. Qc2 {[%emt 0:05:14]} Ne7 {[%emt 0:05:14]} 19. Nc7 {[%emt 0:03:21]} Rf8 {[%emt 0:02:45]} 20. Bg5 {[%emt 0:00:00]} Nf6 {[%emt 0:03:40]} 21. Rec1 {[%emt 0:03:59]} Bg4 {[%emt 0:05:47]} 22. Ra1 {[%emt 0:04:44]} Rb7 {[%emt 0:03:26]} 23. Ra3 {[%emt 0:13:02]} Qd7 {[%emt 0:03:12]} 24. Rc3 {[%emt 0:01:06]} h6 {[%emt 0:06:29]} 25. Be3 {[%emt 0:03:01]} Bh3 {[%emt 0:05:59]} 26. Qa2 {[%emt 0:06:10]} Rc8 {[%emt 0:04:58]} 27. Qa5 {[%emt 0:00:36]} Kh7 {[%emt 0:03:28]} 28. Bb6 {[%emt 0:02:32]} Rcb8 {[%emt 0:03:55]} 29. Ba7 {[%emt 0:03:42]} Bxg2 {[%emt 0:03:07]} 30. Kxg2 {[%emt 0:00:04]} Rc8 {[%emt 0:00:05]} 31. Bb6 {[%emt 0:05:16]} Rcb8 {[%emt 0:01:54]} 32. Ba7 {[%emt 0:01:42]} Rc8 {[%emt 0:00:00]} 33. Bb6 {[%emt 0:00:00]} Rcb8 {[%emt 0:01:18]} 34. Be3 {[%emt 0:00:00]} Ng4 {[%emt 0:03:23]} 35. Ba7 {[%emt 0:00:00]} Rc8 {[%emt 0:00:00]} 36. h3 {[%emt 0:00:00]} Nf6 {[%emt 0:00:00]} 37. Bb6 {[%emt 0:00:00]} Rcb8 {[%emt 0:02:34]} 38. Ba7 {[%emt 0:02:22]} Rc8 {[%emt 0:00:00]} 39. Be3 {[%emt 0:00:00]} Nh5 {[%emt 0:04:35]} 40. Bb6 {[%emt 0:11:46]} Rcb8 {[%emt 0:01:12]} 41. Ba7 {[%emt 0:09:49]} Rc8 {[%emt 0:02:30]} 42. Bb6 {[%emt 0:00:42]} Rcb8 {[%emt 0:04:00]} 43. Ba7 {[%emt 0:00:13]} Rc8 {[%emt 0:03:24]} 1/2-1/2